00443pab a2200157 454500008004000000100001800040245007400058260000900132300001200141362000800153650002500161650003100186650002000217700002500237773002300262180718b1997 xxu||||| |||| 00| 0 eng d aBhuiya, Abbas aThe effect of divorce on child survival in a rural area of Bangladesh c1997 ap.57-61 aMar aDivorce - Bangladesh aChild welfare - Bangladesh aSocial problems aChowdhury, Mushtaque aPopulation Studies